Steve Jobs (Registo nº 1587)

Detalhes MARC
000 -Etiqueta do registo
Cabeçalho 00632nam0a2200241 4500
005 - Identificador da versão
Campo de controlo 20240813121840.0
010 ## - Número internacional normalizado dos livros (ISBN)
Número (ISBN) 9789896822866
021 ## - Número do Depósito Legal
Código do país PT
100 ## - Dados gerais de processamento
Dados gerais de processamento 20191126d2012 a y0pory5003 ba
102 ## - Pais de publicação ou produção
País de publicação Portugal
101 0# - Língua de publicação
Língua do texto, banda sonora, etc. Português
215 ## - Descrição física 
Indicação específica da natureza do documento e extensão da espécie 126, [1] p
200 1# - Titulo e menção de responsabilidade
Título próprio Steve Jobs
Primeira menção de responsabilidade José-Manuel Diogo
225 2# - Colecção 
Título próprio da colecção Histórias de génio
Indicação de volume 1
210 ## - Publicação, Distribuição, etc. 
Lugar da edição, distribuição, etc. Oeiras
Nome do editor, distribuidor, etc. Levoir
Data da publicação, distribuição, etc. cop. 2012
606 ## - Nome comum usado como assunto
Número de registo de entrada de autoridade 0003152
Palavra de ordem Jobs, Steve
Subdivisão de assunto Biografias
Código do sistema CA
675 ## - Classificação Decimal Universal (CDU)
Notação 929Jobs, Steve
Edição 3ª ed.
Língua da edição por
700 #1 - Nome de autor-pessoa física (responsabilidade principal)
Número de registo de entrada de autoridade 0003154
Palavra de ordem Diogo
Outra parte do nome não tomada para palavra de ordem José-Manuel
966 ## - Identificação da Biblioteca
Sigla EB2,3ENM
942 ## - Elementos de entrada adicionados (Koha)
Tipo de item no Koha Livro
Exemplares
Situação do levantamento Origin of item (home branch) (coded) Biblioteca de empréstimo Código de barras Cota Circulation type (not for loan) Tipo de documento Nota do exemplar Damaged status
  Biblioteca Escolar Eng. Nuno Mergulhão Biblioteca Escolar Eng. Nuno Mergulhão BENM3670 92JOB DIO   Livro Sem mensagem